000 nam a22 7a 4500
999 _c9862
_d9862
008 180208b ||||| |||| 00| 0 eng d
100 _aPowlison,D.
_95944
245 _aFacing Death with Hope
260 _aCanada
_bNGP
_c2008